|
|
|
|
| LEADER |
01068nam a2200289 a 4500 |
| 001 |
892 |
| 003 |
BD-DhAAL |
| 005 |
20150523102720.0 |
| 008 |
150523s1995 nyua b 001 0 eng |
| 010 |
|
|
|a 94018137
|
| 020 |
|
|
|a 0471552305 (acidfree paper)
|
| 040 |
|
|
|a DLC
|c DLC
|d DLC
|d BD-DhAAL
|
| 050 |
0 |
0 |
|a HD7260.6
|b .R48 1995
|
| 082 |
0 |
0 |
|a 363.11/7/07
|2 20
|
| 100 |
1 |
|
|a ReVelle, Jack B.
|9 11296
|
| 245 |
1 |
0 |
|a Safety training methods :
|b practical solutions for the next millennium /
|c Jack B. Re Velle, Joe Stephenson.
|
| 250 |
|
|
|a 2nd ed.
|
| 260 |
|
|
|a New York :
|b Wiley,
|c c1995.
|
| 300 |
|
|
|a xii, 320 p. :
|b ill. ;
|c 25 cm.
|
| 500 |
|
|
|a "A Wiley-Interscience publication."
|
| 504 |
|
|
|a Includes bibliographical references and index.
|
| 541 |
|
|
|e 892
|
| 650 |
|
0 |
|a Safety education, Industrial.
|9 11297
|
| 700 |
1 |
|
|a Stephenson, Joe,
|c Dr.
|9 11298
|
| 942 |
|
|
|2 ddc
|c BK
|
| 999 |
|
|
|c 34483
|d 34483
|
| 952 |
|
|
|0 0
|1 0
|2 ddc
|4 0
|6 363_117070000000000_REV
|7 0
|9 53822
|a SCL
|b SCL
|c GEN
|d 2015-05-23
|e Gift: The Asia Foundation
|l 0
|o 363.11707 REV
|p 3020000892
|r 2015-05-23
|t 1
|w 2015-05-23
|y BK
|